The making of economic society / (Record no. 4134)

000 -LEADER
fixed length control field 00923cam a22002774a 4500
001 - CONTROL NUMBER
control field 12288254
005 - DATE AND TIME OF LATEST TRANSACTION
control field 20190521124905.0
008 - FIXED-LENGTH DATA ELEMENTS--GENERAL INFORMATION
fixed length control field 010124s2002 njua 001 0 eng
010 ## - LIBRARY OF CONGRESS CONTROL NUMBER
LC control number 2001021124
020 ## - INTERNATIONAL STANDARD BOOK NUMBER
International Standard Book Number 0130910503
040 ## - CATALOGING SOURCE
Original cataloging agency DLC
Transcribing agency DLC
Modifying agency DLC
042 ## - AUTHENTICATION CODE
Authentication code pcc
050 00 - LIBRARY OF CONGRESS CALL NUMBER
Classification number HC51
Item number .H44 2001
082 00 - DEWEY DECIMAL CLASSIFICATION NUMBER
Classification number 330.9
Edition number 11th
100 1# - MAIN ENTRY--PERSONAL NAME
Personal name Heilbroner, Robert L.
Dates associated with a name 2001
245 14 - TITLE STATEMENT
Title The making of economic society /
Statement of responsibility, etc Robert Heilbroner and William Milberg.
250 ## - EDITION STATEMENT
Edition statement 11th ed.
260 ## - PUBLICATION, DISTRIBUTION, ETC. (IMPRINT)
Place of publication, distribution, etc Upper Saddle River, N.J. :
Name of publisher, distributor, etc Prentice Hall,
Date of publication, distribution, etc c2002.
300 ## - PHYSICAL DESCRIPTION
Extent xviii, 206 p. :
Other physical details ill. ;
Dimensions ;
-- 24 cm.
500 ## - GENERAL NOTE
General note Includes indexes.
650 #0 - SUBJECT ADDED ENTRY--TOPICAL TERM
Topical term or geographic name as entry element Economic history.
700 1# - ADDED ENTRY--PERSONAL NAME
Personal name Milberg, William S.,
Dates associated with a name 1957-
906 ## - LOCAL DATA ELEMENT F, LDF (RLIN)
a 7
b cbc
c orignew
d 1
e ocip
f 20
g y-gencatlg
942 ## - ADDED ENTRY ELEMENTS (KOHA)
Source of classification or shelving scheme
Item type Book
Holdings
Withdrawn status Lost status Source of classification or shelving scheme Damaged status Not for loan Home library Current library Shelving location Date acquired Total Checkouts Full call number Barcode Date last seen Copy number Koha item type
          Riara University Library Riara University Library General stack 21/05/2019   HC51.H44 2001 5834/15 21/05/2019 C.1 Book

Riara University Library,
P.O. Box 49940-00100,
Nairobi, Kenya.